| 000 | 00911nam a2200301Ia 4500 | ||
|---|---|---|---|
| 001 | 8719 | ||
| 003 | IT-RoPAU | ||
| 008 | 130308s9999 xx 000 0 und d | ||
| 040 | _aIT-RoPAU | ||
| 040 | _cIT-RoPAU | ||
| 041 | _aFRANCESE | ||
| 100 | _aPierre Michel | ||
| 100 | _gCodice Aut. SPICS: 2588 | ||
| 245 | _aLecture pedagogique de la bande dessinee en classes terminales | ||
| 245 | _bLecture et bande Dessinee-Actes Du I Colloque International Education et bande Dessinee | ||
| 250 | _a1a ed. | ||
| 260 | _aLA ROQUE D'ANTHERON | ||
| 260 | _bEdisud | ||
| 260 | _c1977 [1° Ed.:1977 - Ed.Ling.Originale:1977] | ||
| 300 | _a"10 p. (prefazione: no ; testo: 10 [pagine: 109-118])" | ||
| 500 | _aLettura Pedagogica del Fumetto nelle Classi Terminali | ||
| 650 | _aSAGGI SUL FUMETTO | ||
| 650 | _eCodice materia Spics: 6711 | ||
| 942 | _cBK | ||
| 957 | _71 | ||
| 999 |
_c50561 _d50561 |
||
| 999 | _bSI | ||
| 999 | _g1 | ||